| LEADER | 01874nam a2200277 4500 | ||
|---|---|---|---|
| 999 | |c 6440 |d 6440 | ||
| 082 | |a 540.71 |b C108C | ||
| 100 | |a Cao Cự Giác | ||
| 245 | |a Thiết kế bài giảng hóa học 8 |c Cao Cự Giác, Vũ Minh Hà |n T.1 | ||
| 260 | |a H. |b Nxb Hà Nội, |c 2004 | ||
| 300 | |a 206tr. |c 24cm | ||
| 520 | |a vv | ||
| 653 | |a Hóa học | ||
| 653 | |a lớp 8 | ||
| 653 | |a bài giảng | ||
| 653 | |a thiết kế | ||
| 942 | |2 ddc |c STK0 | ||
| 952 | |0 0 |1 0 |2 ddc |4 0 |6 540_710000000000000_C108C |7 0 |8 500 |9 59609 |a qbu |b qbu |c D3 |d 2015-01-16 |g 20000 |o 540.71 C108C |p 6797.C1 |r 0000-00-00 |w 2015-01-16 |y STK0 | ||
| 952 | |0 0 |1 0 |2 ddc |4 0 |6 540_710000000000000_C108C |7 0 |8 500 |9 59610 |a qbu |b qbu |c D3 |d 2015-01-16 |g 20000 |o 540.71 C108C |p 6797.C2 |r 0000-00-00 |w 2015-01-16 |y STK0 | ||
| 952 | |0 0 |1 0 |2 ddc |4 0 |6 540_710000000000000_C108C |7 0 |8 500 |9 59611 |a qbu |b qbu |c D3 |d 2015-01-16 |g 20000 |o 540.71 C108C |p 6797.C3 |r 0000-00-00 |w 2015-01-16 |y STK0 | ||
| 952 | |0 0 |1 0 |2 ddc |4 0 |6 540_710000000000000_C108C |7 0 |8 500 |9 59612 |a qbu |b qbu |c D3 |d 2015-01-16 |g 20000 |o 540.71 C108C |p 6797.C4 |r 0000-00-00 |w 2015-01-16 |y STK0 | ||
| 952 | |0 0 |1 0 |2 ddc |4 0 |6 540_710000000000000_C108C |7 0 |8 500 |9 59613 |a qbu |b qbu |c D3 |d 2015-01-16 |g 20000 |o 540.71 C108C |p 6797.C5 |r 0000-00-00 |w 2015-01-16 |y STK0 | ||
| 952 | |0 0 |1 0 |2 ddc |4 0 |6 540_710000000000000_C108C |7 0 |8 500 |9 59614 |a qbu |b qbu |c D3 |d 2015-01-16 |g 20000 |o 540.71 C108C |p 6797.C6 |r 0000-00-00 |w 2015-01-16 |y STK0 | ||
| 952 | |0 0 |1 0 |2 ddc |4 0 |6 540_710000000000000_C108C |7 0 |8 500 |9 59615 |a qbu |b qbu |c D3 |d 2015-01-16 |g 20000 |l 2 |m 1 |o 540.71 C108C |p 6797.C7 |r 2016-01-22 |s 2016-01-11 |w 2015-01-16 |y STK0 | ||
| 952 | |0 0 |1 0 |2 ddc |4 0 |6 540_710000000000000_C108C |7 0 |8 500 |9 59616 |a qbu |b qbu |c D3 |d 2015-01-16 |g 20000 |l 2 |o 540.71 C108C |p 6797.C8 |r 2015-12-18 |s 2015-12-17 |w 2015-01-16 |y STK0 | ||
| 952 | |0 0 |1 0 |2 ddc |4 0 |6 540_710000000000000_C108C |7 0 |8 500 |9 59617 |a qbu |b qbu |c D3 |d 2015-01-16 |g 20000 |o 540.71 C108C |p 6797.C9 |r 0000-00-00 |w 2015-01-16 |y STK0 | ||